000 00633nam a22001457a 4500
020 _a978-93-5629-103-4
082 _a823
_bAMI/S
100 _aAMISH
245 _aSUHELDEV
_bTHE KING WHO SAVED INDIA
260 _aGURGAON
_bHARPER COLLINS INDIA
_c2020
300 _a323
520 _a'Legend of Suheldev' tells the story of King Suheldev of Shravasti, who was so moved by the looting and destruction of the magnificent temple of Lord Shiva at Somnath, that he decided to give up the comfort of a royal life as a Prince, to wage a guerrilla warfare against the Turkic armies of Mahmud of Ghazni
650 _aNOVEL
_zINDIA
942 _cBK
999 _c2529
_d2529